000
00350nam a22001577a 4500
003
MPLRDC
005
20220104123512.0
008
210129b ||||| |||| 00| 0 eng d
082
_a
225 LY
100
_a
凌云编著
245
_a
生命之泉
_c
260
_a
_b
大方文化事业公司
_c
300
_b
平
650
_a
942
_c
BK
_o
225 LY
999
_c
11940
_d
11930